Normal view
MARC view
Entry Personal Name
001 - CONTROL NUMBER
- control field: 1237855
003 - CONTROL NUMBER IDENTIFIER
- control field: OSt
005 - DATE AND TIME OF LATEST TRANSACTION
- control field: 20260430150547.0
008 - FIXED-LENGTH DATA ELEMENTS
- fixed length control field: 260430|| aca||aabn | a|a d
040 ## - CATALOGING SOURCE
- Original cataloging agency: OSt
- Transcribing agency: OSt
100 ## - HEADING--PERSONAL NAME
- Personal name: Aarti Au.; Natarajan Krishnamurthy Gu
670 ## - SOURCE DATA FOUND
- Source citation: Work cat.: (OSt)1850078: Aarti Au.; Natarajan Krishnamurthy Gu., Characterizing the Role of Toll Like Receptors (TLRs) in Mediating Immune Responses to Mycobacterial Infection, 2024
